| 000 | 01704nam0a2200397 i 4500 | ||
|---|---|---|---|
| 001 | RU\NLR\BIBL_A\010299840 | ||
| 005 | 20260406030142.0 | ||
| 010 |
_a978-5-295-05869-1 _92000 |
||
| 021 |
_aRU _b2014-5498 _9338 |
||
| 035 | _a(NILC)RuMoRGB-006733960 | ||
| 035 | _a(NLR Aleph) 010299840 | ||
| 090 |
_a10588097 _c10588097 |
||
| 100 | _a20140328d2013 dm y0rusy50 ca | ||
| 101 | 1 |
_abak _arus _aeng _cund |
|
| 102 |
_aRU _aRU |
||
| 105 | _aa|||z|||000ay | ||
| 200 | 1 |
_aМастер и подмастерье _dҺөнәрсе менән өйрәнсек _dThe story of master and apprentice _zbak _zeng |
|
| 210 |
_aӨфө _cКитап _d2013 |
||
| 215 |
_d25 _a119 с. _cцв. ил. |
||
| 300 | _aАвт. также на башк. яз.: Зәйнәб Биишева; на англ. яз.: Zainab Biisheva | ||
| 300 | _aТекст парал. англ., башк. и рус. яз. | ||
| 510 | 1 |
_6z48790 _aҺөнәрсе менән өйрәнсек _zbak |
|
| 510 | 1 |
_6z34790 _aThe story of master and apprentice _zeng |
|
| 686 | 0 | _aШ9(2)62=Башк7-4 | |
| 700 | 1 |
_4070 _8rus _7ca _aБиишева _bЗ. А. _f1908-1996 _gЗайнаб Абдулловна _3RU\NLR\AUTH\77490 _9110539 |
|
| 790 | 1 |
_7ca _8bak _aБиишева _bЗ. А. ҡыҙы _f1908-1996 _gЗәйнәб Абдулла ҡыҙы _9130666 _3RU\NLR\auth-onl\77610 |
|
| 790 | 1 |
_7ba _8rus _aBiiševa _bZ. A. _f1908-1996 _gZajnab Abdullovna _9134661 _3RU\NLR\AUTH\770134695 |
|
| 801 | 0 |
_aRU _bРГБ _c20140206 _gRCR |
|
| 852 |
_aNLR _bОНЛ _jБашк./4-558 |
||
| 942 | _cBOOK | ||
| 980 | _aNBR | ||